Closest UK Football Clubs - Statistics

General Stats
  • This quiz has been taken 61 times
  • The average score is 20 of 28
Answer Stats
Distance (miles) Clubs % Correct
2.2 Liverpool
98%
1.4 Chelsea
96%
4 Arsenal
94%
5.2 Manchester City
94%
5.2 Manchester United
94%
2.2 Everton
92%
4 Tottenham
88%
1.9 West Ham
87%
3.5 Aston Villa
83%
4 Aston Villa
83%
1.4 Fulham
83%
3.5 Birmingham
81%
3.8 Sheffield United
69%
3.8 Sheffield Wednesday
69%
4.8 Bristol City
67%
0.7 Nottingham Forest
67%
3.9 Millwall
65%
4.7 Celtic
63%
4.7 Rangers
63%
4.8 Bristol Rovers
62%
0.7 Notts County
62%
3.9 Charlton
58%
0.2 Dundee
52%
1.9 Leyton Orient
52%
4 West Brom
52%
0.2 Dundee United
50%
3.6 Heart of Midlothian
44%
3.6 Hibernian
40%
No matching quizzes found
Score Distribution
Percent of People with Each Score
Percentile by Number Answered
Your Score History
You have not taken this quiz